000 00457nam a22001457a 4500
999 _c258509
_d258508
003 OSt
005 20200616132741.0
008 200616b xxu||||| |||| 00| 0 eng d
040 _cN/A
050 _aPR2807.A2H68 1963
100 _aCyrus Hoy
245 _aWilliam Shakespear's Hamlet
_ban authoritative text inteelectual backgrounds extracts from the sources essays in criticism
260 _aCalifornia
_bW.W. Norton & Company Inc
_c1963
942 _2lcc
_cBK